Structured FORTRAN with WATFIV : (Record no. 3389)
[ view plain ]
| 000 -LEADER | |
|---|---|
| fixed length control field | 00936cac a22002411u 4500 |
| 008 - FIXED-LENGTH DATA ELEMENTS--GENERAL INFORMATION | |
| fixed length control field | 081030t1981 xxu||||| |||| 00| 0 eng d |
| 010 ## - LIBRARY OF CONGRESS CONTROL NUMBER | |
| LC control number | 80023006 |
| 020 ## - INTERNATIONAL STANDARD BOOK NUMBER | |
| International Standard Book Number | 083597104X |
| 020 ## - INTERNATIONAL STANDARD BOOK NUMBER | |
| International Standard Book Number | 0835971031 (pbk.) |
| 082 00 - DEWEY DECIMAL CLASSIFICATION NUMBER | |
| Classification number | 001.6424 |
| Item number | MOO |
| Edition number | 22 |
| 100 ## - MAIN ENTRY--PERSONAL NAME | |
| Personal name | Moore, John B., |
| 9 (RLIN) | 13082 |
| 245 10 - TITLE STATEMENT | |
| Title | Structured FORTRAN with WATFIV : |
| Remainder of title | Text and Reference / |
| Statement of responsibility, etc | John B. Moore, Leo J. Makela. |
| 250 ## - EDITION STATEMENT | |
| Edition statement | Alternate ed. |
| 260 ## - PUBLICATION, DISTRIBUTION, ETC. (IMPRINT) | |
| Place of publication, distribution, etc | Reston, Va. : |
| Name of publisher, distributor, etc | Reston Pub. Co., 1981 |
| Date of publication, distribution, etc | 1981. |
| 300 ## - PHYSICAL DESCRIPTION | |
| Extent | xvi, 567 p. : |
| Other physical details | ill. ; |
| Dimensions | 24 cm. |
| 500 ## - GENERAL NOTE | |
| General note | Includes index. |
| 500 ## - GENERAL NOTE | |
| General note | Donations -Bibliotheca Alexandrina. |
| 650 #0 - SUBJECT ADDED ENTRY--TOPICAL TERM | |
| Topical term or geographic name as entry element | FORTRAN (Computer program language) |
| 9 (RLIN) | 13083 |
| 650 #0 - SUBJECT ADDED ENTRY--TOPICAL TERM | |
| Topical term or geographic name as entry element | Structured programming. |
| 9 (RLIN) | 13084 |
| 700 1# - ADDED ENTRY--PERSONAL NAME | |
| Personal name | Makela, Leo J., |
| 9 (RLIN) | 13085 |
| 942 ## - ADDED ENTRY ELEMENTS (KOHA) | |
| Item type | Book - Borrowing |
| Call number prefix | 001.6424MOO |
| Source of classification or shelving scheme | Dewey Decimal Classification |
| Withdrawn status | Item status | Source of classification or shelving scheme | Damaged status | Not for loan | Vendor | Home library | Current library | Shelving location | Date acquired | Source of acquisition | Total Checkouts | Total Renewals | Full call number | Barcode | Date last seen | Date last borrowed | Koha item type |
|---|---|---|---|---|---|---|---|---|---|---|---|---|---|---|---|---|---|
| Dewey Decimal Classification | Central Library | Central Library | Lower Floor | 05/04/2007 | Donation | 2 | 1 | 001.6424MOO | 000039490 | 15/07/2025 | 09/06/2013 | Book - Borrowing |